|
|
|
|
| LEADER |
00000cam a2200000 a 4500 |
| 001 |
vtls001446321 |
| 003 |
SK-MaSNL |
| 005 |
20260301013700.0 |
| 008 |
240226s2002 xo l frp 000 0 slo |
| 015 |
|
|
|a SNBA2003/09-03285
|
| 020 |
|
|
|a 8080681406
|q (brožované)
|
| 035 |
|
|
|a SNK000401564
|
| 035 |
|
|
|a urn:nbn:sk:snk-am3iqhm
|
| 035 |
|
|
|a DCA4C981-2BC6-4187-AEA1-996317EBF4DE
|
| 035 |
|
|
|a urn:nbn:sk:snk-am00fe1e
|
| 040 |
|
|
|a SNK
|b slo
|c SNK
|e AACR2
|
| 041 |
0 |
|
|a slo
|
| 044 |
|
|
|a xo
|c SK
|
| 072 |
|
7 |
|a 53
|x Fyzika
|2 konspekt
|
| 072 |
|
7 |
|a 37.016
|x Učebné osnovy. Vyučovacie predmety. Učebnice
|2 konspekt
|
| 080 |
|
|
|a 53
|2 2011
|
| 080 |
|
|
|a (075.8)
|2 2011
|
| 080 |
|
|
|a (076.5)
|2 2011
|
| 100 |
1 |
|
|a Iľkovič, Sergej,
|d 1975-
|4 aut
|9 300816
|
| 245 |
1 |
0 |
|a Praktikum z fyziky
|n 1,2
|c Sergej Iľkovič
|
| 250 |
|
|
|a 1. vydanie
|
| 260 |
|
|
|a Prešov
|b Prešovská univerzita
|c 2002
|
| 300 |
|
|
|a 62 strán
|b schémy, tabuľky
|c 21 cm
|
| 366 |
|
|
|e 150 kusov
|
| 490 |
1 |
|
|a Vysokoškolské učebné texty
|
| 500 |
|
|
|a Vydala Prešovská univerzita v Prešove, Fakulta humanitných a prírodných vied
|
| 650 |
0 |
7 |
|a fyzika
|2 SNKPH
|9 816
|
| 655 |
|
7 |
|a učebnice vysokých škôl
|2 SNKPH
|9 70191
|
| 655 |
|
7 |
|a praktické cvičenia
|2 SNKPH
|9 70517
|
| 710 |
2 |
|
|a Prešovská univerzita v Prešove.
|b Fakulta humanitných a prírodných vied
|4 pbl
|
| 810 |
2 |
|
|a Prešovská univerzita v Prešove.
|b Fakulta humanitných a prírodných vied
|t Vysokoškolské učebné texty
|9 177611
|
| 919 |
|
|
|a 80-8068-140-6
|
| 958 |
|
|
|a TL
|
| 958 |
|
|
|a UV
|
| 958 |
|
|
|a OND
|
| 999 |
|
|
|c 556709
|d 558639
|
| 952 |
|
|
|a SNK
|b SNK
|y PREZ
|7 0
|p 17A0363280
|o snkSC 110151/1-2
|i snkKSP 14978/2002
|0 0
|1 0
|4 0
|d 2002-12-11
|f 1
|l 0
|r 2025-09-30 00:00:00
|w 2026-02-23
|
| 952 |
|
|
|a SNK
|b SNK
|y VYP
|7 0
|p 17A0363281
|o snkSC 110151/1-2 D1
|i snkKSP 14979/2002
|0 0
|1 0
|4 0
|d 2002-12-11
|l 0
|r 2005-01-02 00:00:00
|w 2026-02-23
|